<?xml version="1.0" encoding="UTF-8"?>
<record
    xmlns:xsi="http://www.w3.org/2001/XMLSchema-instance"
    xsi:schemaLocation="http://www.loc.gov/MARC21/slim http://www.loc.gov/standards/marcxml/schema/MARC21slim.xsd"
    xmlns="http://www.loc.gov/MARC21/slim">

  <leader>00683nam a2200205Ia 4500</leader>
  <controlfield tag="005">20220309115741.0</controlfield>
  <controlfield tag="008">210716s2012    xx            000 0 und d</controlfield>
  <datafield tag="020" ind1=" " ind2=" ">
    <subfield code="a">9781259004919</subfield>
  </datafield>
  <datafield tag="040" ind1=" " ind2=" ">
    <subfield code="c">AIMIT LIBRARY</subfield>
  </datafield>
  <datafield tag="041" ind1=" " ind2=" ">
    <subfield code="a">eng</subfield>
  </datafield>
  <datafield tag="082" ind1=" " ind2=" ">
    <subfield code="a">658.87 </subfield>
    <subfield code="2">4</subfield>
    <subfield code="b">PRAS</subfield>
  </datafield>
  <datafield tag="100" ind1=" " ind2=" ">
    <subfield code="a">Pradhan, Swapna.</subfield>
    <subfield code="9">23128</subfield>
  </datafield>
  <datafield tag="245" ind1=" " ind2=" ">
    <subfield code="a">Retailing management :</subfield>
    <subfield code="b">text and cases /</subfield>
    <subfield code="c">By Swapna Pradhan.</subfield>
  </datafield>
  <datafield tag="250" ind1=" " ind2=" ">
    <subfield code="a">4th ed.</subfield>
  </datafield>
  <datafield tag="260" ind1=" " ind2=" ">
    <subfield code="a">New Delhi :</subfield>
    <subfield code="b">Tata McGraw Hill Publishing Company Ltd ,</subfield>
    <subfield code="c">2012.</subfield>
  </datafield>
  <datafield tag="300" ind1=" " ind2=" ">
    <subfield code="a">Xxvi, 711p. ;</subfield>
    <subfield code="c">22.5 cm.</subfield>
  </datafield>
  <datafield tag="650" ind1=" " ind2=" ">
    <subfield code="a">Retail pricing and evaluating merchandise performance</subfield>
    <subfield code="9">23129</subfield>
  </datafield>
  <datafield tag="650" ind1=" " ind2=" ">
    <subfield code="a">Retail marketing and branding</subfield>
    <subfield code="9">23180</subfield>
  </datafield>
  <datafield tag="942" ind1=" " ind2=" ">
    <subfield code="2">ddc</subfield>
    <subfield code="c">BK</subfield>
    <subfield code="e">4th</subfield>
    <subfield code="k">658.87 PRAS</subfield>
  </datafield>
  <datafield tag="999" ind1=" " ind2=" ">
    <subfield code="c">207841</subfield>
    <subfield code="d">207841</subfield>
  </datafield>
  <datafield tag="952" ind1=" " ind2=" ">
    <subfield code="0">0</subfield>
    <subfield code="1">0</subfield>
    <subfield code="2">ddc</subfield>
    <subfield code="4">0</subfield>
    <subfield code="7">0</subfield>
    <subfield code="8">MBA</subfield>
    <subfield code="a">AIMIT</subfield>
    <subfield code="b">AIMIT</subfield>
    <subfield code="d">2013-02-01</subfield>
    <subfield code="g">475.00</subfield>
    <subfield code="i">Bill no:229; Bill dt:2013-01-31</subfield>
    <subfield code="l">0</subfield>
    <subfield code="o">658.87 PRAS</subfield>
    <subfield code="p">MBA10407</subfield>
    <subfield code="r">2026-05-23 00:00:00</subfield>
    <subfield code="v">356.25</subfield>
    <subfield code="w">2021-07-16</subfield>
    <subfield code="y">BK</subfield>
  </datafield>
  <datafield tag="952" ind1=" " ind2=" ">
    <subfield code="0">0</subfield>
    <subfield code="1">0</subfield>
    <subfield code="2">ddc</subfield>
    <subfield code="4">0</subfield>
    <subfield code="7">0</subfield>
    <subfield code="8">MBA</subfield>
    <subfield code="a">AIMIT</subfield>
    <subfield code="b">AIMIT</subfield>
    <subfield code="d">2013-02-01</subfield>
    <subfield code="g">475.00</subfield>
    <subfield code="i">Bill no:229; Bill dt:2013-01-31</subfield>
    <subfield code="l">0</subfield>
    <subfield code="o">658.87 PRAS</subfield>
    <subfield code="p">MBA10408</subfield>
    <subfield code="r">2026-05-23 00:00:00</subfield>
    <subfield code="v">356.25</subfield>
    <subfield code="w">2021-07-16</subfield>
    <subfield code="y">BK</subfield>
  </datafield>
  <datafield tag="952" ind1=" " ind2=" ">
    <subfield code="0">0</subfield>
    <subfield code="1">0</subfield>
    <subfield code="2">ddc</subfield>
    <subfield code="4">0</subfield>
    <subfield code="7">0</subfield>
    <subfield code="8">MBA</subfield>
    <subfield code="a">AIMIT</subfield>
    <subfield code="b">AIMIT</subfield>
    <subfield code="d">2013-02-01</subfield>
    <subfield code="g">475.00</subfield>
    <subfield code="i">Bill no:229; Bill dt:2013-01-31</subfield>
    <subfield code="l">0</subfield>
    <subfield code="o">658.87 PRAS</subfield>
    <subfield code="p">MBA10409</subfield>
    <subfield code="r">2026-05-23 00:00:00</subfield>
    <subfield code="v">356.25</subfield>
    <subfield code="w">2021-07-16</subfield>
    <subfield code="y">BK</subfield>
  </datafield>
  <datafield tag="952" ind1=" " ind2=" ">
    <subfield code="0">0</subfield>
    <subfield code="1">0</subfield>
    <subfield code="2">ddc</subfield>
    <subfield code="4">0</subfield>
    <subfield code="7">0</subfield>
    <subfield code="8">MBA</subfield>
    <subfield code="a">AIMIT</subfield>
    <subfield code="b">AIMIT</subfield>
    <subfield code="d">2013-02-01</subfield>
    <subfield code="g">475.00</subfield>
    <subfield code="i">Bill no:229; Bill dt:2013-01-31</subfield>
    <subfield code="l">0</subfield>
    <subfield code="o">658.87 PRAS</subfield>
    <subfield code="p">MBA10410</subfield>
    <subfield code="r">2026-05-23 00:00:00</subfield>
    <subfield code="v">356.25</subfield>
    <subfield code="w">2021-07-16</subfield>
    <subfield code="y">BK</subfield>
  </datafield>
  <datafield tag="952" ind1=" " ind2=" ">
    <subfield code="0">0</subfield>
    <subfield code="1">0</subfield>
    <subfield code="2">ddc</subfield>
    <subfield code="4">0</subfield>
    <subfield code="7">0</subfield>
    <subfield code="8">MBA</subfield>
    <subfield code="a">AIMIT</subfield>
    <subfield code="b">AIMIT</subfield>
    <subfield code="d">2013-02-01</subfield>
    <subfield code="g">475.00</subfield>
    <subfield code="i">Bill no:229; Bill dt:2013-01-31</subfield>
    <subfield code="l">0</subfield>
    <subfield code="o">658.87 PRAS</subfield>
    <subfield code="p">MBA10411</subfield>
    <subfield code="r">2026-05-23 00:00:00</subfield>
    <subfield code="v">356.25</subfield>
    <subfield code="w">2021-07-16</subfield>
    <subfield code="y">BK</subfield>
  </datafield>
</record>
